Belgique: la relation officielle des evénements, 1939-1940
Tallennettuna:
| Yhteisötekijä: | |
|---|---|
| Aineistotyyppi: | Kirja |
| Kieli: | ranska |
| Julkaistu: |
Londres
Evans Brothers
1941
|
| Aiheet: | |
| Tagit: |
Lisää tagi
Ei tageja, Lisää ensimmäinen tagi!
|
MARC
| LEADER | 00000nam a2200000 a 4500 | ||
|---|---|---|---|
| 001 | UCH2371 | ||
| 003 | CL-VaPUC | ||
| 008 | 090611e19410000UK |||||||||||||||||fre|d | ||
| 082 | 0 | 4 | |a 949.35043 |b MIN |2 21 |
| 110 | 2 | |a Ministere des Affaires Etrangeres de Belgique |e author |9 537122 | |
| 245 | 1 | 0 | |a Belgique: la relation officielle des evénements, 1939-1940 |
| 300 | |a 114 p | ||
| 942 | |c BK | ||
| 945 | |d 20090611 00:00:00 |a rbrito | ||
| 260 | |a Londres |b Evans Brothers |c 1941 | ||
| 650 | 7 | |a HISTORIA DE BELGICA |2 CL-VaPUC |9 445118 | |
| 650 | 0 | |a Segunda Guerra Mundial |9 325982 | |
| 651 | 7 | |a BELGICA |2 CL-VaPUC |9 315122 | |
| 583 | |a last modification |c 20090611 00:00:00 |k Rodrigo Vera | ||
| 999 | |c 334113 |d 334111 | ||
| 952 | |0 0 |1 0 |4 0 |6 949_350430000000000_MIN_1941 |7 0 |8 X |9 422935 |a FDOBUD |b FDOBUD |d 2019-11-22 |i 455549K |o 949.35043 MIN 1941 |p 455549K |r 2019-11-22 |w 2019-11-22 |y BK_X |k BUD | ||